Normal view
MARC view
- ادارة الانتاج والعمليات
Entry Topical Term
001 - CONTROL NUMBER
- control field: 29837
003 - CONTROL NUMBER IDENTIFIER
- control field: JO-AjAnu
005 - DATE AND TIME OF LATEST TRANSACTION
- control field: 20230606075036.0
008 - FIXED-LENGTH DATA ELEMENTS
- fixed length control field: 230606|| aca||aabn | a|a d
040 ## - CATALOGING SOURCE
- Original cataloging agency: JO-AjAnu
- Transcribing agency: JO-AjAnu
150 ## - HEADING--TOPICAL TERM
- Topical term or geographic name entry element: ادارة الانتاج والعمليات
670 ## - SOURCE DATA FOUND
- Source citation: Work cat.: (JO-AjAnu)15322: فياض ، محمود احمد / م مشارك قدادة ، عيسى يوسف, author 29836, ادارة الانتاج والعمليات (مدخل نظمي )